UITU Library & LRC     

High Speed network traffic analyzer (Record no. 33495)

MARC details
000 -LEADER
fixed length control field 00614nam a2200145Ia 4500
008 - FIXED-LENGTH DATA ELEMENTS--GENERAL INFORMATION
fixed length control field 260210s9999 xx 000 0 und d
024 ## - OTHER STANDARD IDENTIFIER
Standard number or code 19B-033-SE, 19B-024-SE, 19B-010-SE, 19B-045-SE & 19B-009-SE
100 ## - MAIN ENTRY--PERSONAL NAME
Personal name Aqsa Naz, Eina Zia, Gul e Hasnain, Muhammad Ahtisham & M. Syed Ul Mursaleen
110 ## - MAIN ENTRY--CORPORATE NAME
Corporate name or jurisdiction name as entry element Dr. Rehan Inam Qureshi
245 #0 - TITLE STATEMENT
Title High Speed network traffic analyzer
260 ## - PUBLICATION, DISTRIBUTION, ETC.
Place of publication, distribution, etc. Karachi:
Name of publisher, distributor, etc. UITU,
Date of publication, distribution, etc. 2019
600 ## - SUBJECT ADDED ENTRY--PERSONAL NAME
Personal name Software engineering
650 ## - SUBJECT ADDED ENTRY--TOPICAL TERM
Topical term or geographic name entry element Bachelor of Engineering (BE)
856 ## - ELECTRONIC LOCATION AND ACCESS
Uniform Resource Identifier <a href="https://drive.google.com/file/d/1s-9sMLjZIgP-zuAeloY3370nRch6lBam/view?usp=sharing">https://drive.google.com/file/d/1s-9sMLjZIgP-zuAeloY3370nRch6lBam/view?usp=sharing</a>
Link text Click here for PDF

No items available.

Powered by Koha